| 000 | 00947nam a2200217 i 4500 | ||
|---|---|---|---|
| 001 | 163410 | ||
| 003 | ES-MaACL | ||
| 005 | 20251015063143.0 | ||
| 008 | 050712s1864 fr |||| | fre d | ||
| 040 |
_aCAM _bspa _cCAM |
||
| 100 | 1 |
_aReybaud, Louis, _d1799-1879 _9131751 |
|
| 245 | 1 | 0 |
_aEtudes sur les réformateurs ou socialistes modernes / _cpar Louis Reybaud. |
| 250 | _a7e éd. | ||
| 260 |
_aParis : _bGuillaumin et c\pie\s éditeurs, _c1864 ( _fImp. de L. Toinon et c\pe\s) |
||
| 300 |
_a2 v. ; _c18 cm. |
||
| 505 | 8 |
_aContiene: 1e partie ; _tSaint-Simon, Charles Fourier, Robert Owen, Auguste Comte et la philosophie positive (IV, 472 p.) - 2e partie ; _tLa société et le socialisme, les communistes, les chartistes, les utilitaire, les humanitaires, les mormons (453 p.) |
|
| 650 | 7 |
_aSocialismo _2embne _917147 |
|
| 752 |
_aFrancia - _dParís |
||
| 852 |
_aES-MaACL _jF-13297-98 _z- Enc. hol. |
||
| 999 |
_c163410 _d163410 |
||